BSOP header

培養敬虔的後代 = Raising Godly children principles & practices of biblical preaching {ch} / (Record no. 53132)

MARC details
000 -LEADER
fixed length control field 00571nam a22001697a 4500
005 - DATE AND TIME OF LATEST TRANSACTION
control field 20240730114020.0
008 - FIXED-LENGTH DATA ELEMENTS--GENERAL INFORMATION
fixed length control field 240730b ||||| |||| 00| 0 eng d
020 ## - INTERNATIONAL STANDARD BOOK NUMBER
International Standard Book Number 9781619930407
040 ## - CATALOGING SOURCE
Original cataloging agency BSOP
050 ## - LIBRARY OF CONGRESS CALL NUMBER
Classification number BV4529 B92 2014
100 ## - MAIN ENTRY--PERSONAL NAME
Personal name Bucknell, Paul J.
245 ## - TITLE STATEMENT
Title 培養敬虔的後代 = Raising Godly children principles & practices of biblical preaching {ch} /
Statement of responsibility, etc Paul J. Bucknell.
260 ## - PUBLICATION, DISTRIBUTION, ETC. (IMPRINT)
Place of publication, distribution, etc Pennsylvania:
Name of publisher, distributor, etc [s n.],
Date of publication, distribution, etc 2014.
300 ## - PHYSICAL DESCRIPTION
Extent 342p.:
Other physical details ill.;
Dimensions 23cm.
650 ## - SUBJECT ADDED ENTRY--TOPICAL TERM
Topical term or geographic name as entry element Parent and child -- Religious aspects -- Christianity {ch}.
942 ## - ADDED ENTRY ELEMENTS (KOHA)
Source of classification or shelving scheme Library of Congress Classification
Item type Books
Holdings
Withdrawn status Lost status Source of classification or shelving scheme Damaged status Not for loan Home library Current library Shelving location Date acquired Source of acquisition Inventory number Total Checkouts Full call number Barcode Date last seen Price effective from Koha item type
    Library of Congress Classification     BSOP Library BSOP Library Chinese Books (General Circulation) 12/05/2018 OMF Literature C-15542   BV4529 B92 2014 00060910 07/30/2024 07/30/2024 Books
BSOP

Biblical Seminary of the Philippines
  All rights Reserved
  © 2024

CONTACT INFORMATION

Biblical Seminary of the Philippines,
  77-B Karuhatan Road, Valenzuela City,
  PHILIPPINES 1441
  Phone: +632 8292-6795 / 8292-6798
  Fax : +632 8292-6675
  Email: library@bsop.edu.ph